Artmedia/ (Record no. 3242)

MARC details
000 -LEADER
campo de control de longitud fija 01373nam a22003497a 4500
003 - IDENTIFICADOR DE NÚMERO DE CONTROL
campo de control OSt
005 - FECHA Y HORA DE LA ÚLTIMA TRANSACCIÓN
campo de control 20230315164559.0
008 - DATOS DE LONGITUD FIJA--INFORMACIÓN GENERAL
campo de control de longitud fija 221006b |||||||| |||| 00| 0 eng d
040 ## - FUENTE DE CATALOGACIÓN
Centro/agencia transcriptor Biblioteca Lado V
082 ## - NÚMERO DE LA CLASIFICACIÓN DECIMAL DEWEY
Número de clasificación 700
Número de ítem C413a
100 ## - ENTRADA PRINCIPAL--NOMBRE DE PERSONA
9 (RLIN) 794
Nombre de persona Cerdas Diaz, Sayira
Término indicativo de función/relación Directora Ejecutiva
245 ## - MENCIÓN DEL TÍTULO
Título Artmedia/
Resto del título Arte en Mesoamerica/
260 ## - PUBLICACIÓN, DISTRIBUCIÓN, ETC.
Nombre del editor, distribuidor, etc. La Exposicion Internacional de Arte Art Basel US
Fecha de publicación, distribución, etc. 2003
Lugar de publicación, distribución, etc. U.S.A.
-- Costa Rica
-- Mexico
-- Belice
-- Guatemala
-- Honduras
-- El Salvador
-- Nicaragua
-- Panama
-- Colombia
300 ## - DESCRIPCIÓN FÍSICA
Dimensiones 21x30cm
Extensión 62p.
366 ## - INFORMACIÓN SOBRE DISPONIBILIDAD COMERCIAL
Nota eng
490 ## - MENCIÓN DE SERIE
Mención de serie 003
Designación de volumen o secuencia 01
Número Internacional Normalizado para Publicaciones Seriadas 1659 1348
505 ## - NOTA DE CONTENIDO CON FORMATO
Título En Bastidor | The Canvas
Nota de contenido con formato - Estimados Lectores<br/>- Noticias del mundo plástico <br/>- Agenda<br/>- Directorio
505 ## - NOTA DE CONTENIDO CON FORMATO
Título El artista y su estudio
505 ## - NOTA DE CONTENIDO CON FORMATO
Título En Portada
505 ## - NOTA DE CONTENIDO CON FORMATO
Título En Boceto
505 ## - NOTA DE CONTENIDO CON FORMATO
Título Museos y Exposiciones
505 ## - NOTA DE CONTENIDO CON FORMATO
Título Ventana al mundo
505 ## - NOTA DE CONTENIDO CON FORMATO
Título Nuevas Tendencias
650 ## - PUNTO DE ACCESO ADICIONAL DE MATERIA--TÉRMINO DE MATERIA
Fuente del encabezamiento o término Tesauro de Arte & Arquitectura
Término de materia o nombre geográfico como elemento de entrada ARTE
9 (RLIN) 703
650 ## - PUNTO DE ACCESO ADICIONAL DE MATERIA--TÉRMINO DE MATERIA
Fuente del encabezamiento o término Tesauro de Arte & Arquitectura
Término de materia o nombre geográfico como elemento de entrada ARTE EN MESOAMERICA
650 ## - PUNTO DE ACCESO ADICIONAL DE MATERIA--TÉRMINO DE MATERIA
Fuente del encabezamiento o término Tesauro de Arte & Arquitectura
Término de materia o nombre geográfico como elemento de entrada RONALD MORAN
650 ## - PUNTO DE ACCESO ADICIONAL DE MATERIA--TÉRMINO DE MATERIA
Fuente del encabezamiento o término Tesauro de Arte & Arquitectura
Término de materia o nombre geográfico como elemento de entrada BIENAL
650 ## - PUNTO DE ACCESO ADICIONAL DE MATERIA--TÉRMINO DE MATERIA
Fuente del encabezamiento o término Tesauro de Arte & Arquitectura
Término de materia o nombre geográfico como elemento de entrada APRECIACION
650 ## - PUNTO DE ACCESO ADICIONAL DE MATERIA--TÉRMINO DE MATERIA
Fuente del encabezamiento o término Tesauro de Arte & Arquitectura
Término de materia o nombre geográfico como elemento de entrada TEORIA
650 ## - PUNTO DE ACCESO ADICIONAL DE MATERIA--TÉRMINO DE MATERIA
Fuente del encabezamiento o término Tesauro de Arte & Arquitectura
Término de materia o nombre geográfico como elemento de entrada CRITICA
942 ## - ELEMENTOS DE ENTRADA SECUNDARIOS (KOHA)
Fuente del sistema de clasificación o colocación Clasificación Decimal Dewey
Tipo de ítem Koha Libros
Parte de la signatura que corresponde a la clasificación (Parte de la clasificación) 700
Parte de la signatura que identifica el ejemplar (Parte del ítem) C413a
Suprimir en OPAC No
Holdings
Estatus retirado Estado de pérdida Fuente del sistema de clasificación o colocación Especificación de materiales (volumen encuadernado u otra parte) Estado de daño No para préstamo Colección Biblioteca de origen Biblioteca actual Fecha de adquisición Enumeración/cronología de publicación seriada Número de inventario Total de préstamos Signatura topográfica completa Código de barras Visto por última vez Precio de reemplazo Tipo de ítem Koha
    Clasificación Decimal Dewey 04     Revistas Biblioteca LadoV Biblioteca LadoV 15/03/2023 017 002724   700 C413a 002724 15/03/2023 15/03/2023 Libros
    Clasificación Decimal Dewey 04     Revistas Biblioteca LadoV Biblioteca LadoV 15/03/2023 015 002723   700 C413a 002723 15/03/2023 15/03/2023 Libros
    Clasificación Decimal Dewey 04     Revistas Biblioteca LadoV Biblioteca LadoV 15/03/2023 014 002722   700 C413a 002722 15/03/2023 15/03/2023 Libros
    Clasificación Decimal Dewey 03     Revistas Biblioteca LadoV Biblioteca LadoV 15/03/2023 013 002721   700 C413a 002721 15/03/2023 15/03/2023 Libros
    Clasificación Decimal Dewey 03     Revistas Biblioteca LadoV Biblioteca LadoV 15/03/2023 012 002720   700 C413a 002720 15/03/2023 15/03/2023 Libros
    Clasificación Decimal Dewey 03     Revistas Biblioteca LadoV Biblioteca LadoV 15/03/2023 011 003944   700 C413a 003944 15/03/2023 15/03/2023 Libros
    Clasificación Decimal Dewey 03     Revistas Biblioteca LadoV Biblioteca LadoV 15/03/2023 010 002719   700 C413a 002719 15/03/2023 15/03/2023 Libros
    Clasificación Decimal Dewey 02     Revistas Biblioteca LadoV Biblioteca LadoV 15/03/2023 009 002718   700 C413a 002718 15/03/2023 15/03/2023 Libros
    Clasificación Decimal Dewey 02     Revistas Biblioteca LadoV Biblioteca LadoV 15/03/2023 007 002716   700 C413a 002716 15/03/2023 15/03/2023 Libros
    Clasificación Decimal Dewey 02     Revistas Biblioteca LadoV Biblioteca LadoV 15/03/2023 006 002715   700 C413a 002715 15/03/2023 15/03/2023 Libros
    Clasificación Decimal Dewey 02     Revistas Biblioteca LadoV Biblioteca LadoV 15/03/2023 005 002714   700 C413a 002714 15/03/2023 15/03/2023 Libros
    Clasificación Decimal Dewey 02     Revistas Biblioteca LadoV Biblioteca LadoV 15/03/2023 004 003103   700 C413a 003103 15/03/2023 15/03/2023 Libros
    Clasificación Decimal Dewey 02     Revistas Biblioteca LadoV Biblioteca LadoV 15/03/2023 004 002713   700 C413a 002713 15/03/2023 15/03/2023 Libros
    Clasificación Decimal Dewey 01     Revistas Biblioteca LadoV Biblioteca LadoV 15/03/2023 003 002712   700 C413a 002712 15/03/2023 15/03/2023 Libros